000 00381 a2200169 4500
001 195434
020 _a978-85-69815-20-4
040 _cMagnum
100 _aBueno, Maria Celia
240 1 0 _aChiquinha cabeça-de-vento
_lpor
245 1 0 _aChiquinha cabeça-de-vento
300 _a24
362 0 _a2019
440 1 _aEis editora
697 _aLITERATURA INFANTO
942 _cBK
999 _c195434
_d195434